000 00381pab a2200145 454500
008 180718b1988 xxu||||| |||| 00| 0 eng d
100 _aByres, Terence J.
245 _aCharan Singh, 1902-87
_bAn assessment
260 _c1988
300 _a139-89
362 _aJan.
650 _aCharan Singh - Criticism And Interpretation
773 _aJournal of Peasant Studies
909 _a5208
999 _c5208
_d5208